000 01025nac a22002651u 4500
010 _a008429379
020 _a0231108583 (cased)
022 _a0231108591 (pbk)
082 _a322.440955
_bBAY
090 _c7202
_d7202
100 _aBayat, Asef.
245 _aStreet politics : poor people’s movements in Iran /
_cAsef Bayat.
260 _aNew YorkSaChichester :
_b Columbia University Press, c.1997.
_cc.1997.
300 _axxiii,232p.,
_b[20]p. of plates ;
_c 24 cm.
500 _aDistributer: Baccah.
500 _aBibliography: p201-216. - Includes index.
511 _aCatalogued By: Mahitab.
650 _aSquatter settlements -- Iran.
650 _aSquatters -- Iran.
650 _aVending stands -- Iran.
650 _aPoor -- Iran -- Political activity.
650 _aIran -- Politics and government -- 1979-1997.
942 _cBB
_k322.440955 BAY
999 _c7202
_d7202